Normal view
MARC view
- Silicon
Entry Topical Term
001 - CONTROL NUMBER
- control field: 103909
003 - CONTROL NUMBER IDENTIFIER
- control field: NUST
005 - DATE AND TIME OF LATEST TRANSACTION
- control field: 20221201131137.0
008 - FIXED-LENGTH DATA ELEMENTS
- fixed length control field: 221201|| aca||aabn | a|a d
040 ## - CATALOGING SOURCE
- Original cataloging agency: NUST
- Transcribing agency: NUST
150 ## - HEADING--TOPICAL TERM
- Topical term or geographic name entry element: Silicon
670 ## - SOURCE DATA FOUND
- Source citation: Work cat.: (NUST)182215: Ghandhi, Sorab Khushro, 103907, VLSI fabrication principles :, c1983.
